Biblioteca

Nuestro mundo (Registro nro. 49904)

Detalles MARC
000 -LÍDER
Campo fijo de descripción fija 01545aab a2200205 i 4500
001 - NÚMERO DE CONTROL
Campo de control 768714001
003 - IDENTIFICADOR DEL NÚMERO DE CONTROL
Campo de control CO-MdFUSB
005 - FECHA Y HORA DE LA ULTIMA TRANSACCIÓN
control field 20230426101016.0
008 - ELEMENTOS DE LONGITUD FIJA -- INFORMACIÓN GENERAL
Campo fijo de descripción fija -- Información general 221104s2003 sp ||||| |||| 00| 0spa d
040 ## - FUENTE DE CATALOGACIÓN
Idioma de catalogación spa
Agencia que realiza la transcripción CO-MdFUSB
Agencia que realiza la modificación CO-MdFUSB
041 ## - CÓDIGO DE IDIOMA
Código de idioma para texto/pista de sonido o título separado spa
100 1# - ASIENTO PRINCIPAL--NOMBRE PERSONAL
Nombre personal Sobrino, Jon
Término relacionador autor
245 10 - TÍTULO
Título Nuestro mundo
Subtitulo : crueldad y compasión
Mención de responsabilidad / Jon Sobrino
300 ## - DESCRIPCIÓN FÍSICA
Extensión Número 299 (febrero 2003), Páginas 15-25
Dimensiones ; 21 cm
520 ## - NOTA DE RESUMEN, ETC.
Nota de sumario, etc. En las diversas religiones e ideologías humanistas se otorga a sus muertes especial "dignidad" y "excelencia", independientemente de qué términos se usen para designarla. Si se les llama mártires, entonces se exige normalmente que las victimas no hayan actuado violentamente.<br/><br/>Comenzamos de esta forma para caer en la cuenta de que el martirio, sea cual fuere su definición es un concepto histórico. Para repensarlo habrá que analizar la realidad que lo produce y por qué lo produce.<br/><br/>Nuestra reflexión no está basada en lo sucedido en las útimas décadas en el tercer mundo, sobre todo en <br/>América Latina, donde el "martirio" no ha sido producido por razones religiosas, sino históricas, sociales, militares, políticas y económicas, y está conceptualizando, en lo fundamental, desde la tradción bíblico-jesuánica, la experiencia latinoamericana y desde situaciones similares en Asia y África.
650 #0 - ASIENTO SECUNDARIO DE MATERIA - TERMINO TEMÁTICO
9 (RLIN) 691
Término temático o nombre geográfico como elemento de entrada Persecuciones religiosas
Subdivisión geográfica América Latina
653 ## - TÉRMINO DE INDIZACIÓN - NO CONTROLADO
Término no controlado Mártires
773 0# - ASIENTO DE ITEM FUENTE
Título Concilium
Biblionumber 49450
Itemnumber 60414
Parte(s) relacionada(s) / Volumen., número. (mes año), páginas Número 299 (febrero 2003)
Enumeración y primera página Páginas 15
942 ## - TIPO DE MATERIAL (KOHA)
Tipo de Item KOHA Artículos de Revista

No hay ítems disponibles.

Biblioteca FUSBC | Teléfono: (57+4) 349 88 10 Ext. 141| WhatsApp (+57) 3005338115 
E-mail: biblioteca@unisbc.edu.co | Calle 76 87-14 Robledo Palenque, Medellín, Colombia

Con tecnología Koha